000 00799nam a2200205 a 4500
003 0
005 20250626123028.0
008 050808s19uu xx 00 eng d
050 _aPHS LB 1044.87.E34
_b.K56 2005
100 _aKim, Tae Won.
245 _aEffect of web-based interactive lessons on learning English as a Second Language /
_cTae Won Kim.
260 _aLas PiƱas City, Philippines :
_bSouthville International School and Colleges,
_c2005.
300 _a43 pages :
_billustrations ;
_c28 cm.
504 _aIncludes bibliographical references.
650 _vEnglish language
_xComputer-assisted instruction.
650 _aLanguage acquisition
_vTechnological innovations.
650 _aWeb-based instruction.
650 _aSecond language acquisition
_zPhilippines.
942 _2lcc
_cPASS
999 _c97257
_d97257